Saggio teoretico di dritto naturale (Record no. 166013)

MARC details
000 -LEADER
campo de control de longitud fija 00729nam a22001935i 4500
001 - NÚMERO DE CONTROL
campo de control 166013
003 - IDENTIFICADOR DE NÚMERO DE CONTROL
campo de control ES-MaACL
005 - FECHA Y HORA DE LA ÚLTIMA TRANSACCIÓN
campo de control 20250809033908.0
008 - DATOS DE LONGITUD FIJA--INFORMACIÓN GENERAL
campo de control de longitud fija 050920s1857 it | |||||||| ||ita d
040 ## - FUENTE DE CATALOGACIÓN
Centro catalogador/agencia de origen CAM
Lengua de catalogación spa
Centro/agencia transcriptor CAM
100 1# - ENTRADA PRINCIPAL--NOMBRE DE PERSONA
Nombre de persona Tapparelli, Luigi.
9 (RLIN) 133118
245 10 - MENCIÓN DEL TÍTULO
Título Saggio teoretico di dritto naturale
Resto del título : apoggiato sul fatto /
Mención de responsabilidad, etc. opera del P. Luigi Taparelli.
250 ## - MENCION DE EDICION
Mención de edición 6ª ed.
Resto de la mención de edición con molte e considerevoli aggiunzioni fatte dall'autore nell'ultima edizione di Roma del 1856.
260 ## - PUBLICACIÓN, DISTRIBUCIÓN, ETC.
Lugar de publicación, distribución, etc. Palermo :
Nombre del editor, distribuidor, etc. a spese degli editori,
Fecha de publicación, distribución, etc. 1857.
300 ## - DESCRIPCIÓN FÍSICA
Extensión 2 v. (370; 380 p. ) ;
Dimensiones 25 cm.
650 #7 - PUNTO DE ACCESO ADICIONAL DE MATERIA--TÉRMINO DE MATERIA
Término de materia o nombre geográfico como elemento de entrada Derecho natural
Fuente del encabezamiento o término embne
9 (RLIN) 11744
852 ## - LOCALIZACIÓN
Ubicación ES-MaACL
Número de control de estantería G-9558-59
Nota libre -- Enc. hol.
Holdings
Estatus retirado Estado de pérdida Estado de daño No para préstamo Colección Biblioteca de origen Biblioteca actual Ubicación en estantería Fecha de adquisición Total de préstamos Signatura topográfica completa Código de barras Visto por última vez Precio de reemplazo Tipo de ítem Koha
        Libros del s. XIX Biblioteca del Ateneo de Madrid Biblioteca del Ateneo de Madrid Sala Pecera Planta 3 17/01/2008   G-9558-59 1174103 23/02/2023 23/02/2023 Libro impreso antiguo